<?xml version="1.0" encoding="UTF-8"?>
<marc:record xmlns:marc="http://www.loc.gov/MARC21/slim">
   <marc:leader>00000nam a2200000 a 4500</marc:leader>
   <marc:datafield ind1="1" ind2=" " tag="100">
      <marc:subfield code="a">Hamann, Jens</marc:subfield>
   </marc:datafield>
   <marc:datafield ind1="1" ind2=" " tag="100">
      <marc:subfield code="a">Wollenschläger, Jens</marc:subfield>
   </marc:datafield>
   <marc:datafield ind1="0" ind2="0" tag="245">
      <marc:subfield code="a">Alt-Hamburgischer Organistenspiegel</marc:subfield>
   </marc:datafield>
   <marc:datafield ind1="0" ind2="0" tag="245">
      <marc:subfield code="b">von Praetorianischer Ernsthafftigkeit und Scheidemannischer Lieblichkeit ...</marc:subfield>
   </marc:datafield>
   <marc:datafield ind1=" " ind2="1" tag="264">
      <marc:subfield code="a">Saarbrücken</marc:subfield>
      <marc:subfield code="b">Ifo-Records</marc:subfield>
      <marc:subfield code="c">2010</marc:subfield>
   </marc:datafield>
   <marc:datafield ind1="1" ind2=" " tag="490">
      <marc:subfield code="a">Organ-CD</marc:subfield>
      <marc:subfield code="v">CD 2010, 3</marc:subfield>
   </marc:datafield>
   <marc:datafield ind1=" " ind2=" " tag="500">
      <marc:subfield code="a">Interpr.: Wollenschläger, Jens [Org]. Hamann, Jens [Bar]. Vokalensemble Vox Viva (Schola). - Aufn.: 11. - 14. März 2008, Lutherische Hauptkirche St. Jacobi, Hamburg. Große Arp-Schnitger-Orgel (1693). - P 2008. - CD-Beil. der Zeitschrift "Organ", Heft 3, 2</marc:subfield>
   </marc:datafield>
   <marc:datafield ind1="0" ind2=" " tag="490">
      <marc:subfield code="v">0</marc:subfield>
   </marc:datafield>
   <marc:datafield ind1=" " ind2=" " tag="542">
      <marc:subfield code="d">Vokalensemble Vox Viva</marc:subfield>
   </marc:datafield>
   <marc:datafield ind1=" " ind2=" " tag="300">
      <marc:subfield code="a">1 CD (Total playing time 76'00) : stereo, DDD + 1 Beih. (34 S.)</marc:subfield>
   </marc:datafield>
</marc:record>
